|
|
|
|
| LEADER |
00000nab a2200000 a 4500 |
| 001 |
vtls000673930 |
| 003 |
SK-MaSNL |
| 005 |
20260302190802.0 |
| 008 |
180205c1998 xo 0 slo |
| 015 |
|
|
|a SNBRB1998/10-27550
|
| 035 |
|
|
|a CLN000026106
|
| 040 |
|
|
|a SNKBUCL
|b slo
|c SNKBUCL
|e AACR2
|
| 041 |
0 |
|
|a slo
|
| 044 |
|
|
|a xo
|c SK
|
| 080 |
|
|
|a 331.881(437.6)
|2 UDC-MRF-SK2
|
| 100 |
1 |
|
|a Gula, Stano
|4 ain
|9 893781
|
| 245 |
1 |
0 |
|a Prekonali sme strach z minulosti
|c Stano Gula, Ivan Saktor
|
| 300 |
|
|
|b Fotogr.
|
| 500 |
|
|
|a Začiatok
|
| 610 |
2 |
7 |
|a Konfederácia odborových zväzov Slovenskej republiky
|2 snkbucl
|9 23676
|
| 655 |
|
7 |
|a články z novín a časopisov
|2 snkbucl
|9 267496
|
| 700 |
1 |
|
|a Saktor, Ivan,
|d 1954-2021
|4 aut
|4 uin
|9 209061
|
| 773 |
0 |
|
|t Odborárske spektrum
|g Roč. 9, č. 42 (1998), s. 3
|
| 850 |
|
|
|a Slovenská národná knižnica v Martine
|
| 852 |
|
|
|a SNK
|b KIS3GCP
|
| 958 |
|
|
|a RBX
|
| 999 |
|
|
|c 1434849
|d 1436779
|